[Event "Beijing Sportaccord blindfold (Women)"]
[Site "Beijing"]
[Date "2011.12.14"]
[Round "5"]
[White "Kosteniuk, Alexandra"]
[Black "Socko, Monika"]
[Result "1-0"]
[WhiteElo "2439"]
[BlackElo "2479"]
[PlyCount "81"]
[EventDate "2011.12.14"]
[EventType "swiss (rapid)"]
[EventRounds "7"]
[EventCountry "CHN"]
[SourceTitle "CBM 145 Extra"]
[Source "ChessBase"]
[SourceDate "2012.01.03"]
[SourceVersion "1"]
[SourceVersionDate "2012.01.03"]
[SourceQuality "1"]

1. e4 c5 2. Nf3 d6 3. d4 cxd4 4. Nxd4 Nf6 5. Nc3 g6 6. Be3 Bg7 7. Be2 O-O 8. f4
Nc6 9. Nb3 Be6 10. O-O Qc8 11. h3 Rd8 12. Qd2 d5 13. e5 d4 14. Nxd4 Nxd4 15.
Bxd4 Nd5 16. Nxd5 Bxd5 17. c3 Qc6 18. Bf3 e6 19. Qe3 Bf8 20. Kh2 b6 21. b3 Rac8
22. Rad1 Qb7 23. c4 Bxf3 24. Qxf3 Qa6 25. a4 Qa5 26. Rd3 Qb4 27. Rfd1 Qe7 28.
Bf2 g5 29. Qg4 h6 30. fxg5 hxg5 31. Be3 Bh6 32. h4 Rxd3 33. Rxd3 Kf8 34. Bxg5
Bxg5 35. hxg5 Rc5 36. Qh4 Qc7 37. Qh8+ Ke7 38. Qf6+ Ke8 39. Rd6 Rc6 40. g6 Rxd6
41. g7 1-0

[Event "Beijing Sportaccord blindfold (Women)"]
[Site "Beijing"]
[Date "2011.12.16"]
[Round "6"]
[White "Cmilyte, Viktorija"]
[Black "Kosteniuk, Alexandra"]
[Result "0-1"]
[WhiteElo "2503"]
[BlackElo "2439"]
[PlyCount "118"]
[EventDate "2011.12.14"]
[EventType "swiss (rapid)"]
[EventRounds "7"]
[EventCountry "CHN"]
[SourceTitle "CBM 145 Extra"]
[Source "ChessBase"]
[SourceDate "2012.01.03"]
[SourceVersion "1"]
[SourceVersionDate "2012.01.03"]
[SourceQuality "1"]

1. d4 Nf6 2. c4 e6 3. Nc3 Bb4 4. Qc2 d6 5. Nf3 Nbd7 6. g3 b6 7. Bg2 Bb7 8. a3
Bxc3+ 9. Qxc3 c5 10. O-O Rc8 11. b3 O-O 12. Bb2 cxd4 13. Qxd4 Nc5 14. Qe3 e5
15. Rad1 Qc7 16. Bh3 Rcd8 17. Nh4 Rfe8 18. Nf5 Ne6 19. f3 Nf8 20. Qg5 Ng6 21.
e4 b5 22. cxb5 d5 23. Qe3 dxe4 24. fxe4 Rxd1 25. Rxd1 Qc2 26. Qd2 Qxb3 27. Bg2
Qxb5 28. Nd6 Qb6+ 29. Qf2 Rd8 30. Qxb6 axb6 31. Rd2 Ne8 32. Nc4 Rxd2 33. Nxd2
Nd6 34. Kf2 Kf8 35. Ke3 Ke7 36. h4 f6 37. Bc3 Nf8 38. Bb4 Ba6 39. Nb1 Kd7 40.
Bh3+ Kc6 41. Nc3 Bc4 42. h5 Bf7 43. Bg4 Nd7 44. Bf3 Nc5 45. g4 Nc4+ 46. Ke2 Ne6
47. Kd3 Nf4+ 48. Kc2 Be6 49. Bf8 Bxg4 50. Bxg4 Ne3+ 51. Kb3 Nxg4 52. Bxg7 Nxh5
53. Bh8 Nf4 54. Kc4 h5 55. Nd5 Nxd5 56. exd5+ Kd6 57. Bg7 h4 58. Bf8+ Kd7 59.
Bb4 h3 0-1

[Event "Beijing Sportaccord blindfold (Women)"]
[Site "Beijing"]
[Date "2011.12.16"]
[Round "7"]
[White "Kosteniuk, Alexandra"]
[Black "Hou, Yifan"]
[Result "1/2-1/2"]
[WhiteElo "2439"]
[BlackElo "2578"]
[PlyCount "72"]
[EventDate "2011.12.14"]
[EventType "swiss (rapid)"]
[EventRounds "7"]
[EventCountry "CHN"]
[SourceTitle "CBM 145 Extra"]
[Source "ChessBase"]
[SourceDate "2012.01.03"]
[SourceVersion "1"]
[SourceVersionDate "2012.01.03"]
[SourceQuality "1"]

1. d4 Nf6 2. c4 e6 3. Nf3 d5 4. Nc3 Bb4 5. cxd5 exd5 6. Bg5 h6 7. Bh4 c5 8. e3
g5 9. Bg3 Ne4 10. Bb5+ Bd7 11. Bxd7+ Nxd7 12. Rc1 O-O 13. O-O Bxc3 14. bxc3 Rc8
15. Nd2 Nxd2 16. Qxd2 Nb6 17. Qe2 Qd7 18. dxc5 Nc4 19. f4 Qe6 20. fxg5 hxg5 21.
Qh5 Qg6 22. Qxg6+ fxg6 23. Rxf8+ Kxf8 24. Rb1 b6 25. cxb6 axb6 26. Rb5 Nxe3 27.
Be5 Ra8 28. Bd4 Nf5 29. Bxb6 Rxa2 30. Rxd5 Rc2 31. Rd3 g4 32. Bd8 Rc1+ 33. Kf2
Rc2+ 34. Kg1 Rc1+ 35. Kf2 Rc2+ 36. Kg1 Rc1+ 1/2-1/2

[Event "WchT (Women) 3rd"]
[Site "Mardin"]
[Date "2011.12.18"]
[Round "1"]
[White "Nguyen, Thi Thanh An"]
[Black "Kosteniuk, Alexandra"]
[Result "1/2-1/2"]
[WhiteElo "2300"]
[BlackElo "2439"]
[PlyCount "83"]
[EventDate "2011.12.18"]
[EventType "team-tourn"]
[EventRounds "9"]
[EventCountry "TUR"]
[SourceTitle "CBM 145 Extra"]
[Source "ChessBase"]
[SourceDate "2012.01.03"]
[SourceVersion "1"]
[SourceVersionDate "2012.01.03"]
[SourceQuality "1"]
[WhiteTeam "Vietnam (W)"]
[BlackTeam "Russia (W)"]
[WhiteTeamCountry "VIE"]
[BlackTeamCountry "RUS"]

1. d4 Nf6 2. c4 e6 3. g3 d5 4. Nf3 dxc4 5. Qa4+ c6 6. Qxc4 b5 7. Qd3 Nbd7 8.
Bg2 Bb7 9. O-O Be7 10. Nc3 a6 11. Bg5 O-O 12. Rfd1 c5 13. dxc5 Nxc5 14. Qe3 Qb6
15. b4 Na4 16. Nxa4 Qxe3 17. Bxe3 bxa4 18. Bc5 Bxc5 19. bxc5 Rac8 20. Rac1 Ne4
21. Ne5 Rxc5 22. Rxc5 Nxc5 23. Bxb7 Nxb7 24. Rd7 Nc5 25. Rc7 Ne4 26. Rc4 Nd6
27. Rxa4 Ra8 28. Nc6 Nb5 29. Nb4 Nc7 30. Ra5 Kf8 31. Rc5 Ra7 32. a4 Ke8 33. Rc6
Kd7 34. Rb6 a5 35. Nc6 Nd5 36. Ne5+ Kc7 37. Rc6+ Kb7 38. Rc5 Nb6 39. Nc6 Nxa4
40. Rxa5 Rxa5 41. Nxa5+ Kb6 42. Nc4+ 1/2-1/2

[Event "WchT (Women) 3rd"]
[Site "Mardin"]
[Date "2011.12.19"]
[Round "2"]
[White "Zhukova, Natalia"]
[Black "Kosteniuk, Alexandra"]
[Result "1/2-1/2"]
[WhiteElo "2427"]
[BlackElo "2439"]
[PlyCount "67"]
[EventDate "2011.12.18"]
[EventType "team-tourn"]
[EventRounds "9"]
[EventCountry "TUR"]
[SourceTitle "CBM 145 Extra"]
[Source "ChessBase"]
[SourceDate "2012.01.03"]
[SourceVersion "1"]
[SourceVersionDate "2012.01.03"]
[SourceQuality "1"]
[WhiteTeam "Ukraine (W)"]
[BlackTeam "Russia (W)"]
[WhiteTeamCountry "UKR"]
[BlackTeamCountry "RUS"]

1. Nf3 d5 2. c4 e6 3. b3 Nf6 4. g3 g6 5. Bg2 Bg7 6. Bb2 O-O 7. O-O a6 8. e3 b5
9. Nc3 Nbd7 10. Qc2 b4 11. Na4 c6 12. Ne5 Bb7 13. Nxd7 Nxd7 14. Bxg7 Kxg7 15.
d4 Rc8 16. Qd2 Qe7 17. Rfc1 a5 18. cxd5 cxd5 19. Bf1 h5 20. Rxc8 Rxc8 21. Rc1
Qd8 22. Bb5 Nf6 23. f3 Qd6 24. Nc5 Qb6 25. Bf1 Bc6 26. Rc2 Re8 27. Nd3 Nd7 28.
Qc1 Bb5 29. Rc7 Kg8 30. Rc8 Rxc8 31. Qxc8+ Kg7 32. Nf4 Bc6 33. Bh3 Bb5 34. Bf1
1/2-1/2

[Event "WchT (Women) 3rd"]
[Site "Mardin"]
[Date "2011.12.21"]
[Round "4"]
[White "Khotenashvili, Bela"]
[Black "Kosteniuk, Alexandra"]
[Result "1/2-1/2"]
[WhiteElo "2497"]
[BlackElo "2439"]
[PlyCount "81"]
[EventDate "2011.12.18"]
[EventType "team-tourn"]
[EventRounds "9"]
[EventCountry "TUR"]
[SourceTitle "CBM 145 Extra"]
[Source "ChessBase"]
[SourceDate "2012.01.03"]
[SourceVersion "1"]
[SourceVersionDate "2012.01.03"]
[SourceQuality "1"]
[WhiteTeam "Georgia (W)"]
[BlackTeam "Russia (W)"]
[WhiteTeamCountry "GEO"]
[BlackTeamCountry "RUS"]

1. d4 Nf6 2. c4 e6 3. Nf3 b6 4. a3 Bb7 5. Nc3 d5 6. cxd5 Nxd5 7. e3 g6 8. Bb5+
c6 9. Bd3 Bg7 10. O-O O-O 11. Na4 Qc7 12. Re1 c5 13. e4 Nf4 14. Bxf4 Qxf4 15.
dxc5 Nd7 16. Rc1 Nxc5 17. Nxc5 bxc5 18. Rxc5 Rfd8 19. Qc2 a5 20. Bf1 Bf8 21.
Rc4 Rac8 22. Qa4 Rxc4 23. Qxc4 Rc8 24. Qb5 Qc7 25. h3 Rb8 26. Qc4 Qb6 27. Ne5
Rc8 28. Qe2 Qd4 29. Nf3 Qa4 30. Qd3 Qc2 31. Qb5 Bc6 32. Qa6 Bd7 33. Ne5 Be8 34.
Nc4 Rc5 35. b4 axb4 36. axb4 Bb5 37. Na3 Bxa6 38. Nxc2 Rxc2 39. Bxa6 Bxb4 40.
Re2 Rxe2 41. Bxe2 1/2-1/2

[Event "WchT (Women) 3rd"]
[Site "Mardin"]
[Date "2011.12.25"]
[Round "7"]
[White "Kosteniuk, Alexandra"]
[Black "Cemhan, Kardelen"]
[Result "1-0"]
[WhiteElo "2439"]
[BlackElo "1881"]
[PlyCount "71"]
[EventDate "2011.12.18"]
[EventType "team-tourn"]
[EventRounds "9"]
[EventCountry "TUR"]
[SourceTitle "CBM 145 Extra"]
[Source "ChessBase"]
[SourceDate "2012.01.03"]
[SourceVersion "1"]
[SourceVersionDate "2012.01.03"]
[SourceQuality "1"]
[WhiteTeam "Russia (W)"]
[BlackTeam "Turkey (W)"]
[WhiteTeamCountry "RUS"]
[BlackTeamCountry "TUR"]

1. e4 c5 2. Nf3 Nc6 3. d4 cxd4 4. Nxd4 Qc7 5. Nc3 e6 6. Be3 a6 7. Be2 Nf6 8.
O-O Bb4 9. Na4 O-O 10. Nxc6 bxc6 11. f4 d5 12. e5 Nd7 13. c4 Be7 14. Rc1 Qb8
15. Rc3 Bb7 16. cxd5 cxd5 17. Bd4 Rc8 18. Rh3 Bc6 19. Kh1 Bb5 20. Bd3 Bxd3 21.
Qxd3 g6 22. f5 Qb5 23. Qf3 exf5 24. Nc3 Qc4 25. Rd1 Bc5 26. b3 Qb4 27. Nxd5 Qa3
28. Ba1 Bf8 29. Qf4 Rc6 30. e6 Rxe6 31. Qd4 f6 32. Qc4 Rae8 33. Nc7 Nb6 34. Qh4
h5 35. Nxe8 Rxe8 36. Qxf6 1-0

[Event "WchT (Women) 3rd"]
[Site "Mardin"]
[Date "2011.12.26"]
[Round "8"]
[White "Kosteniuk, Alexandra"]
[Black "Solomons, Anzel"]
[Result "1-0"]
[WhiteElo "2439"]
[BlackElo "1926"]
[PlyCount "77"]
[EventDate "2011.12.18"]
[EventType "team-tourn"]
[EventRounds "9"]
[EventCountry "TUR"]
[SourceTitle "CBM 145 Extra"]
[Source "ChessBase"]
[SourceDate "2012.01.03"]
[SourceVersion "1"]
[SourceVersionDate "2012.01.03"]
[SourceQuality "1"]
[WhiteTeam "Russia (W)"]
[BlackTeam "South Africa (W)"]
[WhiteTeamCountry "RUS"]
[BlackTeamCountry "RSA"]

1. e4 e5 2. Nf3 Nc6 3. Bb5 Nf6 4. d3 d6 5. c3 Be7 6. Nbd2 O-O 7. h3 h6 8. Nf1
a6 9. Ba4 b5 10. Bb3 Na5 11. Bc2 c5 12. Ng3 Nc6 13. d4 Re8 14. O-O Bf8 15. Re1
Qc7 16. a4 Rb8 17. d5 Nd8 18. axb5 axb5 19. b4 Nb7 20. Bd3 Bd7 21. Qe2 c4 22.
Bc2 Ra8 23. Be3 Rec8 24. Nd2 Nd8 25. f4 g6 26. Qf2 Bg7 27. fxe5 dxe5 28. Rf1
Ne8 29. Bb6 Qb7 30. Rxa8 Qxa8 31. Bxd8 Rxd8 32. Qxf7+ Kh7 33. Qe7 Qa7+ 34. Kh2
Ra8 35. Rf8 Qe3 36. Ndf1 Qxc3 37. Qxd7 Qxc2 38. Qf7 c3 39. Qg8# 1-0

[Event "WchT (Women) 3rd"]
[Site "Mardin"]
[Date "2011.12.27"]
[Round "9"]
[White "Mkrtchian, Lilit"]
[Black "Kosteniuk, Alexandra"]
[Result "1/2-1/2"]
[WhiteElo "2469"]
[BlackElo "2439"]
[PlyCount "26"]
[EventDate "2011.12.18"]
[EventType "team-tourn"]
[EventRounds "9"]
[EventCountry "TUR"]
[SourceTitle "CBM 145 Extra"]
[Source "ChessBase"]
[SourceDate "2012.01.03"]
[SourceVersion "1"]
[SourceVersionDate "2012.01.03"]
[SourceQuality "1"]
[WhiteTeam "Armenia (W)"]
[BlackTeam "Russia (W)"]
[WhiteTeamCountry "ARM"]
[BlackTeamCountry "RUS"]

1. d4 Nf6 2. c4 e6 3. Nc3 Bb4 4. Qc2 O-O 5. a3 Bxc3+ 6. Qxc3 b6 7. Bg5 Bb7 8.
f3 h6 9. Bh4 d5 10. e3 Nbd7 11. cxd5 Nxd5 12. Bxd8 Nxc3 13. Bh4 Nd5 1/2-1/2

[Event "EU-ch (Women) 13th"]
[Site "Gaziantep"]
[Date "2012.03.02"]
[Round "1"]
[White "Kosteniuk, Alexandra"]
[Black "Abdulla, Khayala Mardan Qizi"]
[Result "1-0"]
[WhiteElo "2448"]
[BlackElo "2246"]
[PlyCount "69"]
[EventDate "2012.03.02"]
[EventType "swiss"]
[EventRounds "11"]
[EventCountry "TUR"]
[SourceTitle "CBM 147 Extra"]
[Source "ChessBase"]
[SourceDate "2012.04.24"]
[SourceVersion "1"]
[SourceVersionDate "2012.04.24"]
[SourceQuality "1"]

1. e4 c5 2. Nf3 e6 3. d4 cxd4 4. Nxd4 a6 5. Nc3 Qc7 6. Be2 Nf6 7. O-O Nc6 8.
Be3 Bb4 9. Na4 Be7 10. Nxc6 bxc6 11. Bb6 Qf4 12. Bd3 d5 13. g3 Qb8 14. exd5
cxd5 15. Be3 e5 16. Nb6 Bh3 17. Nxa8 Qxa8 18. Bg5 h6 19. Bxf6 Bxf6 20. Re1 h5
21. Qe2 Kf8 22. Bxa6 h4 23. Qb5 hxg3 24. hxg3 Be6 25. Bb7 Qb8 26. Rad1 d4 27.
a4 Bc4 28. Qc6 Rh6 29. Kg2 Be6 30. Rh1 Rxh1 31. Rxh1 g6 32. a5 Kg7 33. a6 Bf5
34. f3 Qa7 35. Qe8 1-0

[Event "EU-ch (Women) 13th"]
[Site "Gaziantep"]
[Date "2012.03.03"]
[Round "2"]
[White "Arabidze, Meri"]
[Black "Kosteniuk, Alexandra"]
[Result "1/2-1/2"]
[WhiteElo "2337"]
[BlackElo "2448"]
[PlyCount "139"]
[EventDate "2012.03.02"]
[EventType "swiss"]
[EventRounds "11"]
[EventCountry "TUR"]
[SourceTitle "CBM 147 Extra"]
[Source "ChessBase"]
[SourceDate "2012.04.24"]
[SourceVersion "1"]
[SourceVersionDate "2012.04.24"]
[SourceQuality "1"]

1. d4 Nf6 2. c4 e6 3. Nf3 b6 4. a3 Bb7 5. Nc3 d5 6. cxd5 Nxd5 7. e3 g6 8. Bd3
Bg7 9. O-O c5 10. Bb5+ Nc6 11. dxc5 Nxc3 12. bxc3 bxc5 13. Qa4 Qc7 14. e4 O-O
15. Be3 Ne5 16. Nxe5 Qxe5 17. Bc6 Bxc6 18. Qxc6 Rfc8 19. Qb7 Rab8 20. Qxa7 Qxe4
21. Bxc5 Bxc3 22. Rac1 Rb7 23. Qxb7 Qxb7 24. Rxc3 Qb2 25. Rfc1 e5 26. h3 Kg7
27. R3c2 Qb5 28. Bb4 Rxc2 29. Rxc2 g5 30. Rc3 h5 31. Re3 Kg6 32. Bc3 f6 33. g3
Qd5 34. Kh2 Qa2 35. Be1 Qc4 36. Kg1 Qe6 37. Kh2 e4 38. a4 f5 39. a5 Qa2 40. g4
Qc4 41. gxf5+ Kxf5 42. Kg2 Qa4 43. Bd2 Qa2 44. Bb4 Qc4 45. Bd2 Qd5 46. Be1 h4
47. Bb4 g4 48. hxg4+ Kxg4 49. Be1 Qb7 50. Kh2 Qc7+ 51. Kg2 Qc6 52. Kh2 Qd6+ 53.
Kg2 Kf5 54. Bc3 Qg6+ 55. Kh2 Qa6 56. Kg2 Qg6+ 57. Kh2 Kg4 58. Kg2 Qc6 59. Kh2
Qh6 60. Be1 Qc6 61. Bc3 Qb7 62. Kg2 h3+ 63. Kh2 Qf7 64. Rg3+ Kf5 65. Kxh3 Qa2
66. Kg2 Qd5 67. Re3 Qg8+ 68. Rg3 Qd5 69. Re3 Qg8+ 70. Rg3 1/2-1/2

[Event "EU-ch (Women) 13th"]
[Site "Gaziantep"]
[Date "2012.03.04"]
[Round "3"]
[White "Kosteniuk, Alexandra"]
[Black "Schleining, Zoya"]
[Result "0-1"]
[WhiteElo "2448"]
[BlackElo "2326"]
[PlyCount "110"]
[EventDate "2012.03.02"]
[EventType "swiss"]
[EventRounds "11"]
[EventCountry "TUR"]
[SourceTitle "CBM 147 Extra"]
[Source "ChessBase"]
[SourceDate "2012.04.24"]
[SourceVersion "1"]
[SourceVersionDate "2012.04.24"]
[SourceQuality "1"]

1. e4 c5 2. Nf3 Nc6 3. d4 cxd4 4. Nxd4 g6 5. Nc3 Bg7 6. Be3 Nf6 7. Bc4 O-O 8.
Bb3 e6 9. Nde2 d5 10. exd5 exd5 11. O-O Re8 12. h3 Be6 13. Nd4 Qd7 14. Qf3 Nh5
15. Nxc6 bxc6 16. Na4 Qc7 17. c3 Nf6 18. Nc5 Ne4 19. Rfe1 Bf5 20. Nd3 Rad8 21.
Rad1 h6 22. Ba4 Ng5 23. Bxg5 hxg5 24. Re3 Re4 25. Bc2 g4 26. Qg3 Qxg3 27. Rxg3
Re2 28. Ba4 gxh3 29. gxh3 Rd6 30. b3 Bxc3 31. Nc1 Re1+ 32. Rxe1 Bxe1 33. Ne2 c5
34. Nf4 Ba5 35. Bb5 Be4 36. Kf1 Rf6 37. Ne2 Bb6 38. Nc3 c4 39. Nxe4 dxe4 40.
Bxc4 Rxf2+ 41. Ke1 Kg7 42. Be2 Rh2 43. Kd1 Kh6 44. b4 f5 45. Bc4 f4 46. Rg4 Be3
47. h4 Rd2+ 48. Ke1 Rd4 49. Bf7 Rd6 50. Ke2 Kh5 51. Rg5+ Kxh4 52. Rxg6 Rd2+ 53.
Ke1 f3 54. Rf6 f2+ 55. Kf1 Rd1+ 0-1

[Event "EU-ch (Women) 13th"]
[Site "Gaziantep"]
[Date "2012.03.06"]
[Round "5"]
[White "Kosteniuk, Alexandra"]
[Black "Umudova, Nargiz"]
[Result "1/2-1/2"]
[WhiteElo "2448"]
[BlackElo "2220"]
[PlyCount "89"]
[EventDate "2012.03.02"]
[EventType "swiss"]
[EventRounds "11"]
[EventCountry "TUR"]
[SourceTitle "CBM 147 Extra"]
[Source "ChessBase"]
[SourceDate "2012.04.24"]
[SourceVersion "1"]
[SourceVersionDate "2012.04.24"]
[SourceQuality "1"]

1. e4 c5 2. Nf3 Nc6 3. d4 cxd4 4. Nxd4 g6 5. Nc3 Bg7 6. Be3 Nf6 7. Bc4 O-O 8.
Bb3 d6 9. f3 Bd7 10. h4 h5 11. Qd2 Nxd4 12. Bxd4 b5 13. g4 a5 14. gxh5 Nxh5 15.
Bxg7 Kxg7 16. a4 bxa4 17. Nxa4 Qc7 18. Rg1 Rh8 19. Qd4+ Nf6 20. Nb6 Qa7 21. Qf2
Rab8 22. Nc4 Qxf2+ 23. Kxf2 a4 24. Bxa4 Be6 25. b3 Bxc4 26. bxc4 Rxh4 27. Bb5
Nh5 28. Ra7 e5 29. Rg4 Rh1 30. Ke3 Rh2 31. Ra6 Nf4 32. Rxf4 exf4+ 33. Kxf4 Rxc2
34. Rxd6 Rc3 35. e5 Rh8 36. Ke4 Rh4+ 37. Kd5 Rd3+ 38. Kc6 Rxf3 39. c5 Rb4 40.
Rd5 Rc3 41. Kb6 g5 42. c6 g4 43. Rc5 Rxc5 44. Kxc5 Rxb5+ 45. Kxb5 1/2-1/2

[Event "EU-ch (Women) 13th"]
[Site "Gaziantep"]
[Date "2012.03.07"]
[Round "6"]
[White "Isgandarova, Khayala Ilqar Qizi"]
[Black "Kosteniuk, Alexandra"]
[Result "0-1"]
[WhiteElo "2203"]
[BlackElo "2448"]
[PlyCount "104"]
[EventDate "2012.03.02"]
[EventType "swiss"]
[EventRounds "11"]
[EventCountry "TUR"]
[SourceTitle "CBM 147 Extra"]
[Source "ChessBase"]
[SourceDate "2012.04.24"]
[SourceVersion "1"]
[SourceVersionDate "2012.04.24"]
[SourceQuality "1"]

1. e4 e5 2. Nf3 Nc6 3. d4 exd4 4. Nxd4 Nb8 5. Nf3 Nf6 6. Nd4 Nc6 7. Nxc6 bxc6
8. Bd3 Bc5 9. O-O d6 10. Bg5 h6 11. Bh4 O-O 12. Nc3 a5 13. Na4 Ba7 14. Kh1 g5
15. Bg3 Qe7 16. Nc3 Rb8 17. f4 Bg4 18. Qe1 Nh5 19. e5 d5 20. f5 f6 21. h3 Nxg3+
22. Qxg3 Bh5 23. exf6 Qd6 24. Qxd6 cxd6 25. g4 Bf7 26. Nd1 Bd4 27. c3 Bxf6 28.
Rc1 Rfe8 29. Rc2 c5 30. Rd2 d4 31. cxd4 Bxd4 32. Nc3 Re3 33. Kg2 Kf8 34. Be2 d5
35. Bf3 Re5 36. Nd1 Be8 37. Nf2 Bb5 38. Rfd1 a4 39. h4 Bc4 40. hxg5 hxg5 41.
Nh3 Be3 42. Re1 Bxd2 43. Rxe5 Rxb2 44. Kg3 Bf1 45. Re6 Ba5 46. Rf6+ Ke7 47.
Re6+ Kd7 48. Bd1 Bc7+ 49. Kf3 Bxh3 50. Bxa4+ Kc8 51. f6 Bf4 52. Re2 Bxg4+ 0-1

[Event "EU-ch (Women) 13th"]
[Site "Gaziantep"]
[Date "2012.03.10"]
[Round "8"]
[White "Goryachkina, Aleksandra"]
[Black "Kosteniuk, Alexandra"]
[Result "1/2-1/2"]
[WhiteElo "2341"]
[BlackElo "2448"]
[PlyCount "123"]
[EventDate "2012.03.02"]
[EventType "swiss"]
[EventRounds "11"]
[EventCountry "TUR"]
[SourceTitle "CBM 147 Extra"]
[Source "ChessBase"]
[SourceDate "2012.04.24"]
[SourceVersion "1"]
[SourceVersionDate "2012.04.24"]
[SourceQuality "1"]

1. d4 Nf6 2. c4 e6 3. g3 d5 4. Bg2 dxc4 5. Qa4+ Nbd7 6. Qxc4 a6 7. Qc2 c5 8.
Nf3 cxd4 9. O-O Bc5 10. Nbd2 Ba7 11. b3 b5 12. Ne4 Nxe4 13. Qxe4 Rb8 14. Bb2
Bb7 15. Qg4 O-O 16. Nxd4 Ne5 17. Qf4 Ng6 18. Qd2 e5 19. Nf3 Qe7 20. Rfd1 Rfd8
21. Qe1 e4 22. Qc3 f6 23. Nd4 Rbc8 24. Nf5 Qf8 25. Qa5 Bc5 26. Rxd8 Qxd8 27.
Qxd8+ Rxd8 28. Rc1 Rc8 29. Bh3 Rc7 30. Bd4 Bd6 31. Rxc7 Bxc7 32. Bc5 Kf7 33.
Nd6+ Bxd6 34. Bxd6 Ne7 35. Kf1 Nd5 36. Ke1 g6 37. Kd2 f5 38. Be5 Ke6 39. Bb2 a5
40. Bf1 e3+ 41. fxe3 Ne7 42. e4 Bxe4 43. e3 Bc6 44. Bc3 a4 45. bxa4 bxa4 46.
Kc2 Nd5 47. Bc4 Kd6 48. Bd4 Nc7 49. Kb2 Nb5 50. Bg7 Kc5 51. Bg8 Bd5 52. Bxh7
a3+ 53. Ka1 Bf7 54. h4 Nd6 55. Bf8 Kd5 56. Bxd6 Kxd6 57. h5 gxh5 58. Bxf5 Ke5
59. Bc2 Bd5 60. Bd1 Bf7 61. Bf3 Bg6 62. Bd1 1/2-1/2

[Event "EU-ch (Women) 13th"]
[Site "Gaziantep"]
[Date "2012.03.11"]
[Round "9"]
[White "Kosteniuk, Alexandra"]
[Black "Molchanova, Tatjana"]
[Result "1-0"]
[WhiteElo "2448"]
[BlackElo "2346"]
[PlyCount "79"]
[EventDate "2012.03.02"]
[EventType "swiss"]
[EventRounds "11"]
[EventCountry "TUR"]
[SourceTitle "CBM 147 Extra"]
[Source "ChessBase"]
[SourceDate "2012.04.24"]
[SourceVersion "1"]
[SourceVersionDate "2012.04.24"]
[SourceQuality "1"]

1. e4 c6 2. Nc3 d5 3. Nf3 Bg4 4. Be2 e6 5. d4 Nf6 6. h3 Bh5 7. e5 Nfd7 8. g4
Bg6 9. h4 h5 10. gxh5 Bxh5 11. Ng5 Bxe2 12. Qxe2 Bb4 13. Qg4 Qe7 14. Nf3 f5 15.
Qg3 c5 16. Kf1 Bxc3 17. bxc3 Nc6 18. Rg1 Kf8 19. Bg5 Qf7 20. Be3 Re8 21. Ng5
Qh5 22. Ne4 Re7 23. Nd6 cxd4 24. Bg5 Ndxe5 25. Bxe7+ Kxe7 26. cxd4 Nf3 27. Nxb7
Nxg1 28. Qxg7+ Qf7 29. Qxh8 Qg6 30. h5 Qg4 31. h6 Nf3 32. Qg7+ Qxg7 33. hxg7
Kf7 34. c3 Kxg7 35. Ke2 Ng5 36. f3 Kf6 37. Nc5 f4 38. Rb1 Na5 39. Nd7+ Ke7 40.
Ne5 1-0

[Event "EU-ch (Women) 13th"]
[Site "Gaziantep"]
[Date "2012.03.12"]
[Round "10"]
[White "Mammadova, Gulnar Marfat Qizi"]
[Black "Kosteniuk, Alexandra"]
[Result "0-1"]
[WhiteElo "2324"]
[BlackElo "2448"]
[PlyCount "74"]
[EventDate "2012.03.02"]
[EventType "swiss"]
[EventRounds "11"]
[EventCountry "TUR"]
[SourceTitle "CBM 147 Extra"]
[Source "ChessBase"]
[SourceDate "2012.04.24"]
[SourceVersion "1"]
[SourceVersionDate "2012.04.24"]
[SourceQuality "1"]

1. e4 c5 2. Nf3 Nc6 3. Bb5 Nf6 4. Nc3 g6 5. e5 Ng4 6. Bxc6 dxc6 7. h3 Nh6 8. g4
Bg7 9. Qe2 O-O 10. d3 f6 11. exf6 exf6 12. Be3 f5 13. g5 Nf7 14. Qd2 Qa5 15. h4
Qb4 16. Ne2 Qxb2 17. O-O b6 18. a3 Qb5 19. Ra2 c4 20. Nf4 c5 21. h5 Qc6 22. Nh4
Nxg5 23. hxg6 hxg6 24. Nfxg6 Nf3+ 25. Nxf3 Qxg6+ 26. Ng5 c3 27. Qc1 Bb7 28. f3
Rae8 29. Kg2 Bd5 30. Ra1 Rxe3 31. Qxe3 f4 32. Qe7 Re8 33. Qxe8+ Qxe8 34. Ne4
Bxe4 35. dxe4 Qg6+ 36. Kf2 Bd4+ 37. Ke2 c4 0-1

[Event "EU-ch (Women) 13th"]
[Site "Gaziantep"]
[Date "2012.03.13"]
[Round "11"]
[White "Kosteniuk, Alexandra"]
[Black "Foisor, Cristina Adela B"]
[Result "1-0"]
[WhiteElo "2448"]
[BlackElo "2398"]
[PlyCount "104"]
[EventDate "2012.03.02"]
[EventType "swiss"]
[EventRounds "11"]
[EventCountry "TUR"]
[SourceTitle "CBM 147 Extra"]
[Source "ChessBase"]
[SourceDate "2012.04.24"]
[SourceVersion "1"]
[SourceVersionDate "2012.04.24"]
[SourceQuality "1"]

1. d4 Nf6 2. c4 g6 3. Nc3 Bg7 4. e4 d6 5. Nf3 O-O 6. Be2 Bg4 7. Be3 Nc6 8. d5
Bxf3 9. Bxf3 Ne5 10. Be2 c6 11. f4 Ned7 12. dxc6 bxc6 13. Qd2 a5 14. O-O a4 15.
Bf3 Qc7 16. Rab1 Rfb8 17. Rfd1 Ra5 18. Qc2 Rb4 19. a3 Rb3 20. Rd3 h5 21. Rbd1
Nc5 22. Bxc5 Rxc5 23. e5 Rxc4 24. exf6 Bxf6 25. Kh1 d5 26. f5 g5 27. Bxh5 Qb8
28. R1d2 Kg7 29. Re3 Qf4 30. Re1 Rxb2 31. Qxb2 Bxc3 32. f6+ Qxf6 33. Qa2 Bxd2
34. Qxd2 Re4 35. Rc1 Rc4 36. Rd1 e5 37. Kg1 Qf4 38. Qb2 Qe3+ 39. Kh1 Rf4 40. h3
d4 41. Qc2 Qxa3 42. Qxc6 Qb3 43. Qe8 Qe6 44. Qxe6 fxe6 45. Kg1 Rf8 46. Ra1 e4
47. Rxa4 Rd8 48. Ra6 Kf6 49. Bg4 Ke5 50. Rxe6+ Kf4 51. Bh5 Ra8 52. Rxe4+ Kxe4
1-0

[Event "EU-ch rapid (Women)"]
[Site "Gaziantep"]
[Date "2012.03.15"]
[Round "1"]
[White "Kosteniuk, Alexandra"]
[Black "Borosova, Zuzana"]
[Result "1-0"]
[WhiteElo "2448"]
[BlackElo "2302"]
[PlyCount "47"]
[EventDate "2012.03.15"]
[EventType "swiss (rapid)"]
[EventRounds "11"]
[EventCountry "TUR"]
[SourceTitle "CBM 147 Extra"]
[Source "ChessBase"]
[SourceDate "2012.04.24"]
[SourceVersion "1"]
[SourceVersionDate "2012.04.24"]
[SourceQuality "1"]

1. e4 e5 2. Nf3 Nc6 3. Bb5 a6 4. Ba4 Nf6 5. O-O Be7 6. Re1 b5 7. Bb3 O-O 8. a4
Bb7 9. d3 d6 10. Nbd2 Na5 11. Ba2 c5 12. Nf1 h6 13. Ng3 Re8 14. Nh4 d5 15. Nhf5
dxe4 16. Bxh6 Bf8 17. Bg5 exd3 18. Nh5 dxc2 19. Qxc2 e4 20. Qc3 Nd5 21. Qg3 Qb8
22. Bf4 Qc8 23. Nhxg7 Nxf4 24. Nxe8+ 1-0